Four faultless felons /

Bibliographic Details
Main Author: Chesterton, G. K. (Gilbert Keith), 1874-1936
Format: Book
Language:English
Published: New York : Dodd, 1930.

MARC

Tag First Indicator Second Indicator Subfields
LEADER 00000cam a2200000 4500
001 in00000034638
005 20151007061957.0
008 770202s1930 nyu 00011 eng u
010 |a  30024048  
035 |a (OCoLC)02714735 
035 |9 AAD3649AM 
040 |c TLM  |d TXA  |d UtOrBLW 
049 |a TXAM  |c [471120] 
050 0 |a PZ3.C4265  |b Fo 
090 |a PR4453.C4  |b F6 1930 
092 |a 823  |b C525f 
100 1 |a Chesterton, G. K.  |q (Gilbert Keith),  |d 1874-1936. 
245 1 0 |a Four faultless felons /  |c [by] G. K. Chesterton. 
264 1 |a New York :  |b Dodd,  |c 1930. 
300 |a vi pages, 1 ., 298 pages ;  |c 20 cm. 
336 |a text  |b txt  |2 rdacontent 
337 |a unmediated  |b n  |2 rdamedia 
338 |a volume  |b nc  |2 rdacarrier 
505 0 |a The moderate murderer.- The honest quack.- The ecstatic thief.- The loyal traitor. 
999 |a MARS 
999 f f |s 706a9fff-080b-3fd0-a739-5f948b401191  |i e57d7395-a59a-3138-a149-92b86c11e591  |t 0 
952 f f |p normal  |a Texas A&M University  |b College Station  |c Sterling C. Evans Library  |d Evans: Library Stacks  |t 0  |e PR4453.C4 F6 1930  |h Library of Congress classification  |i unmediated -- volume  |m A14801314742 
998 f f |a PR4453.C4 F6 1930  |t 0  |l Evans: Library Stacks